Mr. Clemens and Mark Twain : (Record no. 6148)

MARC details
000 -LEADER
fixed length control field 00578cam a22002052 4500
001 - CONTROL NUMBER
control field 0000002981
005 - DATE AND TIME OF LATEST TRANSACTION
control field 20151217151910.0
008 - FIXED-LENGTH DATA ELEMENTS--GENERAL INFORMATION
fixed length control field 070425s xx 000 0 eng d
020 ## - INTERNATIONAL STANDARD BOOK NUMBER
International Standard Book Number 671207075 :
040 ## - CATALOGING SOURCE
Original cataloging agency KABU
Transcribing agency KABU
050 #0 - LIBRARY OF CONGRESS CALL NUMBER
Classification number PS1331
Item number .A2K37
100 1# - MAIN ENTRY--PERSONAL NAME
Personal name Kaplan, Justin.
-- 0000057442
245 10 - TITLE STATEMENT
Title Mr. Clemens and Mark Twain :
Remainder of title a biography.
260 ## - PUBLICATION, DISTRIBUTION, ETC. (IMPRINT)
Place of publication, distribution, etc. New York :
Name of publisher, distributor, etc. Simon & Schuster,
Date of publication, distribution, etc. 1966.
300 ## - PHYSICAL DESCRIPTION
Extent 424 p.
600 10 - SUBJECT ADDED ENTRY--PERSONAL NAME
Personal name Twain, Mark.
Numeration 1835-1910.
-- 0000152543
908 ## - PUT COMMAND PARAMETER (RLIN)
Put command parameter 070425
950 ## - LOCAL HOLDINGS (RLIN)
-- 1
Holdings
Withdrawn status Lost status Source of classification or shelving scheme Not for loan Home library Current library Date acquired Total Checkouts Full call number Barcode Date last seen Price effective from Koha item type
    Library of Congress Classification   Kabarak, Main Campus Kabarak, Main Campus 17/12/2015   PS1331 .A2K37 004505 17/12/2015 17/12/2015 General Collection
Designed with assistance from East African Informatics Ltd